Werder Bremen Full Squads (2000-) - Statistics

General Stats
  • This quiz has been taken 199 times
  • The average score is 286 of 625
Answer Stats
Year # Pos/Country Answer % Correct
2000-2001 10 FW Claudio Pizarro
87%
2008-2009 24 FW Claudio Pizarro
87%
2009-2010 24 FW Claudio Pizarro
87%
2010-2011 24 FW Claudio Pizarro
87%
2011-2012 24 FW Claudio Pizarro
87%
2015-2016 14 FW Claudio Pizarro
87%
2016-2017 14 FW Claudio Pizarro
87%
2018-2019 14 FW Claudio Pizarro
87%
2019-2020 14 FW Claudio Pizarro
87%
2017-2018 1 GK Jiri Pavlenka
81%
2018-2019 1 GK Jiri Pavlenka
81%
2019-2020 1 GK Jiri Pavlenka
81%
2020-2021 1 GK Jiri Pavlenka
81%
2021-2022 1 GK Jiri Pavlenka
81%
2022-2023 1 GK Jiri Pavlenka
81%
2023-2024 1 GK Jiri Pavlenka
81%
2005-2006 18 GK Tim Wiese
81%
2006-2007 18 GK Tim Wiese
81%
2007-2008 1 GK Tim Wiese
81%
2008-2009 1 GK Tim Wiese
81%
2009-2010 1 GK Tim Wiese
81%
2010-2011 1 GK Tim Wiese
81%
2011-2012 1 GK Tim Wiese
81%
2011-2012 41 FW Niclas Füllkrug
78%
2012-2013 41 FW Niclas Füllkrug
78%
2013-2014 41 FW Niclas Füllkrug
78%
2019-2020 11 FW Niclas Füllkrug
78%
2020-2021 11 FW Niclas Füllkrug
78%
2021-2022 11 FW Niclas Füllkrug
78%
2022-2023 11 FW Niclas Füllkrug
78%
2023-2024 11 FW Niclas Füllkrug
78%
2006-2007 10 MF Diego
77%
2007-2008 10 MF Diego
77%
2008-2009 10 MF Diego
77%
2005-2006 4 DF Naldo
75%
2006-2007 4 DF Naldo
75%
2007-2008 4 DF Naldo
75%
2008-2009 4 DF Naldo
75%
2009-2010 4 DF Naldo
75%
2011-2012 4 DF Naldo
75%
2022-2023 9 FW Oliver Burke
75%
2023-2024 24 FW Oliver Burke
75%
2024-2025 15 FW Oliver Burke
75%
2017-2018 32 DF Marco Friedl
73%
2018-2019 32 DF Marco Friedl
73%
2019-2020 32 DF Marco Friedl
73%
2020-2021 32 DF Marco Friedl
73%
2021-2022 32 DF Marco Friedl
73%
2022-2023 32 DF Marco Friedl
73%
2023-2024 32 DF Marco Friedl
73%
2024-2025 32 DF Marco Friedl
73%
2021-2022 7 FW Marvin Ducksch
73%
2022-2023 7 FW Marvin Ducksch
73%
2023-2024 7 FW Marvin Ducksch
73%
2024-2025 7 FW Marvin Ducksch
73%
2000-2001 22 MF Torsten Frings
73%
2001-2002 22 MF Torsten Frings
73%
2005-2006 22 MF Torsten Frings
73%
2006-2007 22 MF Torsten Frings
73%
2007-2008 22 MF Torsten Frings
73%
2008-2009 22 MF Torsten Frings
73%
2009-2010 22 MF Torsten Frings
73%
2010-2011 22 MF Torsten Frings
73%
2000-2001 32 FW Aílton
72%
2001-2002 32 FW Aílton
72%
2002-2003 32 FW Aílton
72%
2003-2004 32 FW Aílton
72%
2018-2019 19 FW Josh Sargent
72%
2019-2020 19 FW Josh Sargent
72%
2020-2021 19 FW Josh Sargent
72%
2021-2022 19 FW Josh Sargent
72%
2017-2018 11 FW Milot Rashica
71%
2018-2019 7 FW Milot Rashica
71%
2019-2020 7 FW Milot Rashica
71%
2020-2021 7 FW Milot Rashica
71%
2007-2008 11 MF Mesut Özil
70%
2008-2009 11 MF Mesut Özil
70%
2009-2010 11 MF Mesut Özil
70%
2016-2017 13 DF Milos Veljkovic
69%
2017-2018 13 DF Milos Veljkovic
69%
2018-2019 13 DF Milos Veljkovic
69%
2019-2020 13 DF Milos Veljkovic
69%
2020-2021 13 DF Milos Veljkovic
69%
2021-2022 13 DF Milos Veljkovic
69%
2022-2023 13 DF Milos Veljkovic
69%
2023-2024 13 DF Milos Veljkovic
69%
2024-2025 13 DF Milos Veljkovic
69%
2004-2005 11 FW Miroslav Klose
69%
2005-2006 11 FW Miroslav Klose
69%
2006-2007 11 FW Miroslav Klose
69%
2020-2021 20 MF Romano Schmid
69%
2021-2022 20 MF Romano Schmid
69%
2022-2023 20 MF Romano Schmid
69%
2023-2024 20 MF Romano Schmid
69%
2024-2025 20 MF Romano Schmid
69%
2022-2023 6 MF Jens Stage
67%
2023-2024 6 MF Jens Stage
67%
2024-2025 6 MF Jens Stage
67%
2019-2020 10 MF Leonardo Bittencourt
66%
2020-2021 10 MF Leonardo Bittencourt
66%
2021-2022 10 MF Leonardo Bittencourt
66%
2022-2023 10 MF Leonardo Bittencourt
66%
2023-2024 10 MF Leonardo Bittencourt
66%
2024-2025 10 MF Leonardo Bittencourt
66%
2021-2022 8 DF Mitchell Weiser
66%
2022-2023 8 DF Mitchell Weiser
66%
2023-2024 8 DF Mitchell Weiser
66%
2024-2025 8 DF Mitchell Weiser
66%
2006-2007 29 DF Per Mertesacker
66%
2007-2008 29 DF Per Mertesacker
66%
2008-2009 29 DF Per Mertesacker
66%
2009-2010 29 DF Per Mertesacker
66%
2010-2011 29 DF Per Mertesacker
66%
2011-2012 29 DF Per Mertesacker
66%
2001-2002 7 FW Ivan Klasnic
65%
2002-2003 17 FW Ivan Klasnic
65%
2003-2004 17 FW Ivan Klasnic
65%
2004-2005 17 FW Ivan Klasnic
65%
2005-2006 17 FW Ivan Klasnic
65%
2006-2007 17 FW Ivan Klasnic
65%
2007-2008 17 FW Ivan Klasnic
65%
2017-2018 5 DF Ludwig Augustinsson
65%
2018-2019 5 DF Ludwig Augustinsson
65%
2019-2020 5 DF Ludwig Augustinsson
65%
2020-2021 5 DF Ludwig Augustinsson
65%
2021-2022 30 GK Michael Zetterer
65%
2022-2023 30 GK Michael Zetterer
65%
2023-2024 30 GK Michael Zetterer
65%
2024-2025 1 GK Michael Zetterer
65%
2006-2007 8 DF Clemens Fritz
64%
2007-2008 8 DF Clemens Fritz
64%
2008-2009 8 DF Clemens Fritz
64%
2009-2010 8 DF Clemens Fritz
64%
2010-2011 8 DF Clemens Fritz
64%
2011-2012 8 DF Clemens Fritz
64%
2012-2013 8 DF Clemens Fritz
64%
2013-2014 8 DF Clemens Fritz
64%
2014-2015 8 DF Clemens Fritz
64%
2015-2016 8 DF Clemens Fritz
64%
2016-2017 8 DF Clemens Fritz
64%
2002-2003 10 MF Johan Micoud
64%
2003-2004 10 MF Johan Micoud
64%
2004-2005 10 MF Johan Micoud
64%
2005-2006 10 MF Johan Micoud
64%
2019-2020 21 DF Ömer Toprak
64%
2020-2021 21 DF Ömer Toprak
64%
2021-2022 21 DF Ömer Toprak
64%
2012-2013 23 DF Theodor Gebre Selassie
64%
2013-2014 23 DF Theodor Gebre Selassie
64%
2014-2015 23 DF Theodor Gebre Selassie
64%
2015-2016 23 DF Theodor Gebre Selassie
64%
2016-2017 23 DF Theodor Gebre Selassie
64%
2017-2018 23 DF Theodor Gebre Selassie
64%
2018-2019 23 DF Theodor Gebre Selassie
64%
2019-2020 23 DF Theodor Gebre Selassie
64%
2020-2021 23 DF Theodor Gebre Selassie
64%
2016-2017 6 MF Thomas Delaney
64%
2017-2018 6 MF Thomas Delaney
64%
2006-2007 9 FW Markus Rosenberg
63%
2007-2008 9 FW Markus Rosenberg
63%
2008-2009 9 FW Markus Rosenberg
63%
2009-2010 9 FW Markus Rosenberg
63%
2011-2012 11 FW Markus Rosenberg
63%
2024-2025 9 FW André Silva
62%
2020-2021 17 DF Felix Agu
62%
2021-2022 27 DF Felix Agu
62%
2022-2023 27 DF Felix Agu
62%
2023-2024 27 DF Felix Agu
62%
2024-2025 27 DF Felix Agu
62%
2010-2011 7 FW Marko Arnautovic
62%
2011-2012 7 FW Marko Arnautovic
62%
2012-2013 7 FW Marko Arnautovic
62%
2013-2014 7 FW Marko Arnautovic
62%
2016-2017 10 FW Max Kruse
62%
2017-2018 10 FW Max Kruse
62%
2018-2019 10 FW Max Kruse
62%
2001-2002 24 MF Tim Borowski
62%
2002-2003 24 MF Tim Borowski
62%
2003-2004 24 MF Tim Borowski
62%
2004-2005 24 MF Tim Borowski
62%
2005-2006 24 MF Tim Borowski
62%
2006-2007 24 MF Tim Borowski
62%
2007-2008 24 MF Tim Borowski
62%
2009-2010 6 MF Tim Borowski
62%
2010-2011 6 MF Tim Borowski
62%
2018-2019 30 MF Davy Klaassen
61%
2019-2020 30 MF Davy Klaassen
61%
2020-2021 30 MF Davy Klaassen
61%
2000-2001 6 MF Frank Baumann
61%
2001-2002 6 MF Frank Baumann
61%
2002-2003 6 MF Frank Baumann
61%
2003-2004 6 MF Frank Baumann
61%
2004-2005 6 MF Frank Baumann
61%
2005-2006 6 MF Frank Baumann
61%
2006-2007 6 MF Frank Baumann
61%
2007-2008 6 MF Frank Baumann
61%
2008-2009 6 MF Frank Baumann
61%
2006-2007 23 FW Hugo Almeida
61%
2007-2008 23 FW Hugo Almeida
61%
2008-2009 23 FW Hugo Almeida
61%
2009-2010 23 FW Hugo Almeida
61%
2010-2011 23 FW Hugo Almeida
61%
2022-2023 4 DF Niklas Stark
61%
2023-2024 4 DF Niklas Stark
61%
2024-2025 4 DF Niklas Stark
61%
2023-2024 14 MF Senne Lynen
61%
2024-2025 14 MF Senne Lynen
61%
2023-2024 18 MF Naby Keïta
60%
2001-2002 15 FW Roberto Silva
60%
2018-2019 17 MF Nuri Şahin
59%
2019-2020 17 MF Nuri Şahin
59%
2021-2022 3 DF Anthony Jung
58%
2022-2023 3 DF Anthony Jung
58%
2023-2024 3 DF Anthony Jung
58%
2024-2025 3 DF Anthony Jung
58%
2016-2017 18 DF Niklas Moisander
58%
2017-2018 18 DF Niklas Moisander
58%
2018-2019 18 DF Niklas Moisander
58%
2019-2020 18 DF Niklas Moisander
58%
2020-2021 18 DF Niklas Moisander
58%
2004-2005 3 DF Petri Pasanen
58%
2005-2006 3 DF Petri Pasanen
58%
2006-2007 3 DF Petri Pasanen
58%
2007-2008 3 DF Petri Pasanen
58%
2008-2009 3 DF Petri Pasanen
58%
2009-2010 3 DF Petri Pasanen
58%
2010-2011 3 DF Petri Pasanen
58%
2022-2023 5 DF Amos Pieper
57%
2023-2024 5 DF Amos Pieper
57%
2024-2025 5 DF Amos Pieper
57%
2013-2014 9 FW Franco Di Santo
56%
2014-2015 9 FW Franco Di Santo
56%
2018-2019 8 FW Yuya Osako
56%
2019-2020 8 FW Yuya Osako
56%
2020-2021 8 FW Yuya Osako
56%
2021-2022 8 FW Yuya Osako
56%
2012-2013 6 MF Kevin De Bruyne
55%
2017-2018 24 FW Johannes Eggestein
54%
2018-2019 24 FW Johannes Eggestein
54%
2019-2020 24 FW Johannes Eggestein
54%
2020-2021 24 FW Johannes Eggestein
54%
2015-2016 35 MF Maximilian Eggestein
54%
2016-2017 35 MF Maximilian Eggestein
54%
2017-2018 35 MF Maximilian Eggestein
54%
2018-2019 35 MF Maximilian Eggestein
54%
2019-2020 35 MF Maximilian Eggestein
54%
2020-2021 35 MF Maximilian Eggestein
54%
2021-2022 35 MF Maximilian Eggestein
54%
2004-2005 14 MF Aaron Hunt
53%
2005-2006 14 MF Aaron Hunt
53%
2006-2007 14 MF Aaron Hunt
53%
2007-2008 14 MF Aaron Hunt
53%
2008-2009 14 MF Aaron Hunt
53%
2009-2010 14 MF Aaron Hunt
53%
2010-2011 14 MF Aaron Hunt
53%
2011-2012 14 MF Aaron Hunt
53%
2012-2013 14 MF Aaron Hunt
53%
2013-2014 14 MF Aaron Hunt
53%
2023-2024 22 DF Julián Malatini
53%
2024-2025 22 DF Julián Malatini
53%
2024-2025 42 FW Keke Topp
53%
2007-2008 34 FW Martin Harnik
52%
2008-2009 34 FW Martin Harnik
52%
2018-2019 9 FW Martin Harnik
52%
2024-2025 30 GK Mio Backhaus
52%
2011-2012 23 MF Zlatko Junuzovic
52%
2012-2013 16 MF Zlatko Junuzovic
52%
2013-2014 16 MF Zlatko Junuzovic
52%
2014-2015 16 MF Zlatko Junuzovic
52%
2015-2016 16 MF Zlatko Junuzovic
52%
2016-2017 16 MF Zlatko Junuzovic
52%
2017-2018 16 MF Zlatko Junuzovic
52%
2019-2020 36 MF Christian Groß
51%
2020-2021 36 MF Christian Groß
51%
2021-2022 36 MF Christian Groß
51%
2022-2023 36 MF Christian Groß
51%
2023-2024 36 MF Christian Groß
51%
2021-2022 28 MF Ilia Gruev
51%
2022-2023 28 MF Ilia Gruev
51%
2023-2024 17 FW Justin Njinmah
51%
2024-2025 11 FW Justin Njinmah
51%
2023-2024 2 DF Olivier Deman
51%
2024-2025 2 DF Olivier Deman
51%
2013-2014 2 DF Santiago García
51%
2014-2015 2 DF Santiago García
51%
2015-2016 2 DF Santiago García
51%
2016-2017 2 DF Santiago García
51%
2015-2016 20 DF Ulisses Garcia
51%
2016-2017 20 DF Ulisses Garcia
51%
2017-2018 20 DF Ulisses Garcia
51%
2010-2011 41 DF Dominik Schmidt
50%
2024-2025 17 FW Marco Grüll
50%
2009-2010 10 MF Marko Marin
50%
2010-2011 10 MF Marko Marin
50%
2011-2012 10 MF Marko Marin
50%
2020-2021 41 FW Nick Woltemade
50%
2023-2024 29 FW Nick Woltemade
50%
2021-2022 22 MF Niklas Schmidt
50%
2022-2023 22 MF Niklas Schmidt
50%
2009-2010 44 MF Philipp Bargfrede
50%
2010-2011 44 MF Philipp Bargfrede
50%
2011-2012 44 MF Philipp Bargfrede
50%
2012-2013 44 MF Philipp Bargfrede
50%
2013-2014 44 MF Philipp Bargfrede
50%
2014-2015 44 MF Philipp Bargfrede
50%
2015-2016 44 MF Philipp Bargfrede
50%
2016-2017 44 MF Philipp Bargfrede
50%
2017-2018 44 MF Philipp Bargfrede
50%
2018-2019 44 MF Philipp Bargfrede
50%
2019-2020 44 MF Philipp Bargfrede
50%
2008-2009 15 DF Sebastian Prödl
50%
2009-2010 15 DF Sebastian Prödl
50%
2010-2011 15 DF Sebastian Prödl
50%
2011-2012 15 DF Sebastian Prödl
50%
2012-2013 15 DF Sebastian Prödl
50%
2013-2014 15 DF Sebastian Prödl
50%
2014-2015 15 DF Sebastian Prödl
50%
2002-2003 9 FW Angelos Charisteas
49%
2003-2004 9 FW Angelos Charisteas
49%
2004-2005 9 FW Angelos Charisteas
49%
2023-2024 9 FW Dawid Kownacki
49%
2004-2005 21 FW Mohamed Zidan
49%
2006-2007 9 FW Mohamed Zidan
49%
2007-2008 2 DF Sebastian Boenisch
49%
2008-2009 2 DF Sebastian Boenisch
49%
2009-2010 2 DF Sebastian Boenisch
49%
2010-2011 2 DF Sebastian Boenisch
49%
2013-2014 26 FW Davie Selke
47%
2014-2015 27 FW Davie Selke
47%
2019-2020 9 FW Davie Selke
47%
2020-2021 9 FW Davie Selke
47%
2016-2017 26 DF Lamine Sané
47%
2017-2018 26 DF Lamine Sané
47%
2013-2014 3 DF Luca Caldirola
47%
2014-2015 3 DF Luca Caldirola
47%
2016-2017 3 DF Luca Caldirola
47%
2017-2018 3 DF Luca Caldirola
47%
2016-2017 29 FW Serge Gnabry
47%
2012-2013 11 FW Eljero Elia
46%
2013-2014 11 FW Eljero Elia
46%
2014-2015 11 FW Eljero Elia
46%
2009-2010 21 GK Sebastian Mielitz
46%
2010-2011 21 GK Sebastian Mielitz
46%
2011-2012 21 GK Sebastian Mielitz
46%
2012-2013 1 GK Sebastian Mielitz
46%
2013-2014 1 GK Sebastian Mielitz
46%
2023-2024 28 MF Skelly Alvero
46%
2024-2025 28 MF Skelly Alvero
46%
2004-2005 20 MF Daniel Jensen
45%
2005-2006 20 MF Daniel Jensen
45%
2006-2007 20 MF Daniel Jensen
45%
2007-2008 20 MF Daniel Jensen
45%
2008-2009 20 MF Daniel Jensen
45%
2009-2010 20 MF Daniel Jensen
45%
2010-2011 20 MF Daniel Jensen
45%
2016-2017 33 GK Jaroslav Drobný
45%
2005-2006 30 GK Kasper Jensen
45%
2024-2025 19 DF Derrick Köhn
44%
2020-2021 43 FW Eren Dinkçi
44%
2021-2022 43 FW Eren Dinkçi
44%
2022-2023 21 FW Eren Dinkçi
44%
2015-2016 42 GK Felix Wiedwald
44%
2016-2017 42 GK Felix Wiedwald
44%
2002-2003 38 FW Nelson Valdez
44%
2003-2004 38 FW Nelson Valdez
44%
2004-2005 38 FW Nelson Valdez
44%
2005-2006 9 FW Nelson Valdez
44%
2023-2024 19 FW Rafael Borré
44%
2014-2015 38 DF Marnon Busch
42%
2003-2004 1 GK Andreas Reinke
41%
2004-2005 1 GK Andreas Reinke
41%
2005-2006 1 GK Andreas Reinke
41%
2006-2007 1 GK Andreas Reinke
41%
2015-2016 21 FW Anthony Ujah
41%
2022-2023 26 DF Lee Buchanan
41%
2011-2012 23 DF Andreas Wolf
40%
2015-2016 9 FW Aron Jóhannsson
40%
2016-2017 9 FW Aron Jóhannsson
40%
2017-2018 9 FW Aron Jóhannsson
40%
2018-2019 20 FW Aron Jóhannsson
40%
2005-2006 7 MF Jurica Vranjes
40%
2006-2007 7 MF Jurica Vranjes
40%
2007-2008 7 MF Jurica Vranjes
40%
2008-2009 7 MF Jurica Vranjes
40%
2013-2014 20 GK Raphael Wolf
40%
2014-2015 1 GK Raphael Wolf
40%
2014-2015 7 DF Jannik Vestergaard
39%
2015-2016 7 DF Jannik Vestergaard
39%
2012-2013 5 DF Assani Lukimya
38%
2013-2014 5 DF Assani Lukimya
38%
2014-2015 5 DF Assani Lukimya
38%
2015-2016 5 DF Assani Lukimya
38%
2000-2001 1 GK Frank Rost
38%
2001-2002 1 GK Frank Rost
38%
2019-2020 4 DF Michael Lang
38%
2007-2008 18 FW Boubacar Sanogo
37%
2008-2009 18 FW Boubacar Sanogo
37%
2009-2010 18 FW Boubacar Sanogo
37%
2016-2017 7 MF Florian Kainz
37%
2017-2018 7 MF Florian Kainz
37%
2018-2019 7 MF Florian Kainz
37%
2011-2012 20 MF Mehmet Ekici
37%
2012-2013 10 MF Mehmet Ekici
37%
2013-2014 10 MF Mehmet Ekici
37%
2018-2019 27 GK Stefanos Kapino
37%
2003-2004 25 DF Valérien Ismaël
37%
2004-2005 25 DF Valérien Ismaël
37%
2014-2015 4 DF Alejandro Gálvez
36%
2015-2016 4 DF Alejandro Gálvez
36%
2000-2001 2 MF Fabian Ernst
36%
2001-2002 2 MF Fabian Ernst
36%
2002-2003 4 MF Fabian Ernst
36%
2003-2004 4 MF Fabian Ernst
36%
2004-2005 4 MF Fabian Ernst
36%
2024-2025 25 GK Markus Kolke
36%
2013-2014 6 MF Cédric Makiadi
35%
2014-2015 6 MF Cédric Makiadi
35%
2017-2018 29 FW Ishak Belfodil
35%
2010-2011 5 MF Wesley
35%
2011-2012 5 MF Wesley
35%
2000-2001 18 MF Andreas Herzog
34%
2001-2002 18 MF Andreas Herzog
34%
2005-2006 33 GK Christian Vander
34%
2007-2008 33 GK Christian Vander
34%
2008-2009 33 GK Christian Vander
34%
2009-2010 33 GK Christian Vander
34%
2024-2025 29 DF Issa Kaboré
34%
2015-2016 6 MF László Kleinheisler
34%
2015-2016 27 MF Florian Grillitsch
33%
2016-2017 27 MF Florian Grillitsch
33%
2022-2023 39 DF Fabio Chiarodia
32%
2018-2019 6 MF Kevin Möhwald
32%
2020-2021 6 MF Kevin Möhwald
32%
2014-2015 11 FW Levin Öztunali
32%
2015-2016 11 FW Levin Öztunali
32%
2000-2001 17 FW Marco Bode
32%
2001-2002 17 FW Marco Bode
32%
2012-2013 24 FW Nils Petersen
32%
2013-2014 24 FW Nils Petersen
32%
2014-2015 24 FW Nils Petersen
32%
2002-2003 27 DF Christian Schulz
31%
2003-2004 27 DF Christian Schulz
31%
2004-2005 27 DF Christian Schulz
31%
2005-2006 27 DF Christian Schulz
31%
2006-2007 27 DF Christian Schulz
31%
2007-2008 27 DF Christian Schulz
31%
2013-2014 7 MF Ludovic Obraniak
31%
2000-2001 34 DF Paul Stalteri
31%
2001-2002 4 DF Paul Stalteri
31%
2002-2003 7 DF Paul Stalteri
31%
2003-2004 7 DF Paul Stalteri
31%
2004-2005 7 DF Paul Stalteri
31%
2014-2015 14 FW Izet Hajrovic
30%
2016-2017 15 FW Izet Hajrovic
30%
2017-2018 15 FW Izet Hajrovic
30%
2014-2015 22 FW Fin Bartels
29%
2015-2016 22 FW Fin Bartels
29%
2016-2017 22 FW Fin Bartels
29%
2017-2018 22 FW Fin Bartels
29%
2018-2019 22 FW Fin Bartels
29%
2019-2020 22 FW Fin Bartels
29%
2020-2021 34 DF Jean Manuel Mbom
29%
2021-2022 34 DF Jean Manuel Mbom
29%
2022-2023 34 DF Jean Manuel Mbom
29%
2014-2015 20 GK Koen Casteels
29%
2014-2015 10 MF Levent Ayçiçek
29%
2021-2022 26 DF Lukas Mai
29%
2016-2017 47 FW Ousman Manneh
29%
2015-2016 3 DF Papy Djilobodji
29%
2004-2005 2 DF Frank Fahrenhorst
28%
2005-2006 2 DF Frank Fahrenhorst
28%
2006-2007 2 DF Frank Fahrenhorst
28%
2019-2020 3 DF Kevin Vogt
28%
2001-2002 23 DF Ludovic Magnin
28%
2002-2003 23 DF Ludovic Magnin
28%
2003-2004 23 DF Ludovic Magnin
28%
2004-2005 23 DF Ludovic Magnin
28%
2010-2011 16 DF Mikaël Silvestre
27%
2006-2007 5 DF Pierre Womé
27%
2003-2004 5 MF Ümit Davala
27%
2004-2005 5 MF Ümit Davala
27%
2005-2006 5 MF Ümit Davala
27%
2022-2023 19 MF Dikeni Salifou
26%
2021-2022 15 FW Roger Assalé
26%
2015-2016 5 MF Sambou Yatabaré
26%
2016-2017 5 MF Sambou Yatabaré
26%
2017-2018 15 DF Sebastian Langkamp
26%
2018-2019 15 DF Sebastian Langkamp
26%
2019-2020 15 DF Sebastian Langkamp
26%
2010-2011 18 MF Felix Kroos
25%
2012-2013 18 MF Felix Kroos
25%
2013-2014 18 MF Felix Kroos
25%
2014-2015 18 MF Felix Kroos
25%
2015-2016 18 MF Felix Kroos
25%
2011-2012 36 FW Lennart Thy
25%
2005-2006 15 DF Patrick Owomoyela
25%
2006-2007 15 DF Patrick Owomoyela
25%
2007-2008 15 DF Patrick Owomoyela
25%
2011-2012 22 DF Sokratis Papastathopoulos
25%
2012-2013 22 DF Sokratis Papastathopoulos
25%
2020-2021 22 FW Tahith Chong
25%
2009-2010 39 FW Marcelo Moreno
24%
2000-2001 20 DF Mladen Krstajic
24%
2001-2002 20 DF Mladen Krstajic
24%
2002-2003 20 DF Mladen Krstajic
24%
2003-2004 20 DF Mladen Krstajic
24%
2011-2012 13 DF Lukas Schmitz
23%
2012-2013 13 DF Lukas Schmitz
23%
2013-2014 13 DF Lukas Schmitz
23%
2021-2022 23 MF Nicolai Rapp
23%
2022-2023 23 MF Nicolai Rapp
23%
2011-2012 17 MF Aleksandar Ignjovski
22%
2012-2013 17 MF Aleksandar Ignjovski
22%
2013-2014 17 MF Aleksandar Ignjovski
22%
2012-2013 19 FW Joseph Akpala
22%
2001-2002 8 MF Krisztián Lisztes
22%
2002-2003 8 MF Krisztián Lisztes
22%
2003-2004 8 MF Krisztián Lisztes
22%
2004-2005 8 MF Krisztián Lisztes
22%
2010-2011 9 FW Denni Avdic
21%
2000-2001 5 MF Dieter Eilts
21%
2001-2002 5 MF Dieter Eilts
21%
2007-2008 13 DF Dusko Tosic
21%
2008-2009 5 DF Dusko Tosic
21%
2017-2018 8 MF Jérôme Gondorf
21%
2005-2006 16 MF Leon Andreasen
21%
2006-2007 16 MF Leon Andreasen
21%
2007-2008 16 MF Leon Andreasen
21%
2018-2019 40 GK Luca Plogmann
21%
2016-2017 4 DF Robert Bauer
21%
2017-2018 4 DF Robert Bauer
21%
2009-2010 16 DF Aymen Abdennour
20%
2000-2001 14 DF Frank Verlaat
20%
2001-2002 14 DF Frank Verlaat
20%
2002-2003 14 DF Frank Verlaat
20%
2003-2004 15 MF Pekka Lagerblom
20%
2004-2005 15 MF Pekka Lagerblom
20%
2005-2006 19 MF Pekka Lagerblom
20%
2010-2011 19 FW Sandro Wagner
20%
2011-2012 25 MF Tom Trybull
20%
2012-2013 25 MF Tom Trybull
20%
2021-2022 17 FW Abdenego Nankishi
19%
2006-2007 25 MF Peter Niemeyer
19%
2008-2009 25 MF Peter Niemeyer
19%
2009-2010 25 MF Peter Niemeyer
19%
2012-2013 30 GK Richard Strebinger
19%
2000-2001 19 DF Viktor Skrypnyk
19%
2001-2002 19 DF Viktor Skrypnyk
19%
2002-2003 19 DF Viktor Skrypnyk
19%
2003-2004 19 DF Viktor Skrypnyk
19%
2008-2009 16 MF Alexandros Tziolis
18%
2011-2012 3 DF François Affolter
17%
2005-2006 23 DF Jelle Van Damme
17%
2006-2007 28 MF Kevin Schindler
17%
2007-2008 28 MF Kevin Schindler
17%
2003-2004 34 DF Manuel Friedrich
17%
2010-2011 35 MF Florian Trinks
16%
2011-2012 35 MF Florian Trinks
16%
2014-2015 37 DF Janek Sternberg
16%
2015-2016 37 DF Janek Sternberg
16%
2022-2023 17 FW Maximilian Philipp
16%
2012-2013 32 MF Özkan Yıldırım
16%
2013-2014 32 MF Özkan Yıldırım
16%
2000-2001 9 FW Rade Bogdanovic
16%
2015-2016 39 MF Lukas Fröde
15%
2012-2013 34 MF Aleksandar Stevanovic
14%
2012-2013 4 DF Mateo Pavlovic
14%
2001-2002 16 GK Pascal Borel
14%
2002-2003 16 GK Pascal Borel
14%
2003-2004 16 GK Pascal Borel
14%
2004-2005 16 GK Pascal Borel
14%
2010-2011 31 MF Predrag Stevanovic
14%
2014-2015 28 FW Melvyn Lorenzen
13%
2015-2016 28 FW Melvyn Lorenzen
13%
2008-2009 40 GK Nico Pellatz
13%
2000-2001 21 FW Dong-gook Lee
12%
2011-2012 26 DF Florian Hartherz
12%
2017-2018 14 MF Ole Käuper
12%
2018-2019 14 MF Ole Käuper
12%
2020-2021 29 MF Patrick Erras
12%
2000-2001 3 MF Raphael Wicky
12%
2009-2010 46 FW Onur Ayık
10%
2008-2009 17 FW Said Husejinovic
10%
2010-2011 17 FW Said Husejinovic
10%
2002-2003 26 MF Simon Rolfes
10%
2004-2005 13 DF Gustavo Nery
9%
2001-2002 21 MF Holger Wehlage
9%
2002-2003 21 MF Holger Wehlage
9%
2003-2004 21 MF Holger Wehlage
9%
2000-2001 11 MF Ivica Banovic
9%
2001-2002 11 MF Ivica Banovic
9%
2002-2003 11 MF Ivica Banovic
9%
2003-2004 11 MF Ivica Banovic
9%
2002-2003 18 FW Markus Daun
9%
2003-2004 18 FW Markus Daun
9%
2013-2014 20 MF Martin Kobylanski
9%
2021-2022 16 DF Oscar Schönfelder
9%
2000-2001 28 DF Razundara Tjikuzu
9%
2001-2002 28 DF Razundara Tjikuzu
9%
2002-2003 28 DF Razundara Tjikuzu
9%
2019-2020 39 FW Benjamin Goller
8%
2004-2005 28 DF Francis Banecki
8%
2015-2016 29 DF Leon Guwara
8%
2002-2003 22 MF Marco Reich
8%
2003-2004 22 MF Marco Reich
8%
2012-2013 27 MF Johannes Wurtz
7%
2009-2010 47 FW Torsten Oehrl
7%
2000-2001 7 MF Yuriy Maksymov
7%
2000-2001 13 DF Andree Wiedener
6%
2001-2002 13 DF Andree Wiedener
6%
2000-2001 4 MF Dirk Flock
6%
2001-2002 12 GK Jakub Wierzchowski
6%
2002-2003 1 GK Jakub Wierzchowski
6%
2005-2006 29 DF Jérôme Polenz
6%
2001-2002 31 GK Alexander Walke
5%
2003-2004 31 GK Alexander Walke
5%
2000-2001 8 MF Bernhard Trares
5%
2000-2001 38 DF Björn Schierenbeck
5%
2000-2001 33 DF Mike Barten
5%
2002-2003 33 DF Mike Barten
5%
2004-2005 19 DF Robert Paul
5%
2000-2001 23 MF Christoph Dabrowski
4%
2002-2003 30 GK Michael Jürgen
4%
2001-2002 3 DF Stefan Blank
4%
2005-2006 0 DF Benjamin Venekamp
3%
No matching quizzes found
Score Distribution
Percent of People with Each Score
Percentile by Number Answered
Your Score History
You have not taken this quiz